| 000 | 00406nam a22001697a 4500 | ||
|---|---|---|---|
| 005 | 20160916101819.0 | ||
| 008 | 160916b xxu||||| |||| 00| 0 eng d | ||
| 020 | _a978-81-7476-729-5 | ||
| 041 | _aeng | ||
| 100 |
_aDUTTA,DR,B.N _93567 |
||
| 245 | _aESTIMATING AND COSTING IN CIVIL ENGINEERING | ||
| 250 | _a27th | ||
| 260 |
_bUBSPD _c2012 |
||
| 300 | _a545 | ||
| 650 |
_aENGINEERING _93568 |
||
| 942 | _cBK | ||
| 999 |
_c5250 _d5248 |
||